|
|
|
|
| LEADER |
00000nam0a2200000 4500 |
| 001 |
83355 |
| 005 |
20231101213305.0 |
| 010 |
|
|
|a 585052004X
|
| 020 |
|
|
|a RU
|b 90-59569
|
| 035 |
|
|
|a (RuTPU)RU\TPU\book\89591
|
| 035 |
|
|
|a RU\TPU\book\89032
|
| 090 |
|
|
|a 83355
|
| 100 |
|
|
|a 20051014d1990 m y0rusy5003 ca
|
| 101 |
1 |
|
|a rus
|c eng
|
| 102 |
|
|
|a RU
|
| 105 |
|
|
|a y z 000ay
|
| 200 |
1 |
|
|a Берег Удачи. В 4.50 из Паддингтона. Смерть приходит в конце
|e пер. с англ.
|f А. Кристи
|
| 210 |
|
|
|a Москва
|c Интерграф сервис
|d 1990
|
| 215 |
|
|
|a 448 с.
|
| 610 |
1 |
|
|a английская литература
|
| 610 |
1 |
|
|a детективы
|
| 610 |
1 |
|
|a романы
|
| 675 |
|
|
|a 82
|z rus
|v 3
|
| 700 |
|
1 |
|a Кристи (Вестмакотт)
|b А. (М.)
|c полное имя Дейм Агата Мэри Кларисса Кристи
|c девичья фамилия Миллер
|c псевдоним Мэри Уэстмаккот (Вестмакотт)
|c английская писательница
|f 1890-1976
|g Агата (Мэри)
|2 stltpush
|3 (RuTPU)RU\TPU\pers\854
|9 381
|
| 801 |
|
0 |
|a RU
|b RuMRKP
|c 19950417
|g psbo
|
| 801 |
|
1 |
|a RU
|b 63413507
|c 20051007
|g PSBO
|
| 801 |
|
2 |
|a RU
|b 63413507
|c 20150709
|g PSBO
|
| 942 |
|
|
|c BK
|